00595nam a22001697a 4500003000400000005001700004008004100021040001800062100002700080245015300107260002300260650002300283650002500306650003700331700002400368856003300392OSt20240829115306.0240829b ||||| |||| 00| 0 eng d cAIMIT LIBRARY aK Chiranjith.e2216042 aStudy on the impact of work life balance on job satisfaction with respect to new Mangalore port authority /cBy Chiranjith K ; Guided by Beena Dias. aMangalore ;c2024. aLiterature review  aResearch methodology aData analysis and interpretation aDias, Beena.eGuide 3New Mangalore port authority